00662nam a22001815i 4500001000700000003000900007005001700016008004100033080001300074100002000087245016100107260004000268300002200308650002500330700003500355700002400390852006600414170880ES-MaACL20250516163848.0090414s1885 fr |||| | fre d a78.089.11 aMeilhac, Henri.13aLa grande-duchesse de Gérolstein b: opéra bouffe en trois actes et quatre tableaux / cHenry Meilhac & Ludovic Halévy ; musique de Jacques Offenbach. aParis : bCalmann-Lévy, c[1885?] a139 p. ; c19 cm. 4aOperetas-vLibretos.1 aHalévy, Ludovic, d1834-19080 aOffenbach, Jacques.4 aES-MaACLjE-12563 z. - Biblioteca Jacinto Martínez Lacalle